Statistics for Hong Kong MTR stations with English names

Click here to take the quiz!

General Stats

  • This quiz has been taken 196 times
    (103 since last reset)
  • The average score is 18 of 23

Answer Stats

Line Station % Correct
Island & Tsuen WanCentral
98%
Island & Tsuen Wan & South IslandAdmiralty
95%
Airport ExpressAirport
89%
Tung Chung & Disneyland ResortSunny Bay
83%
Tsuen Wan & Kwun TongPrince Edward
82%
IslandKennedy Town
80%
South IslandOcean Park
80%
Island & Tseung Kwan OQuarry Bay
79%
Tseung Kwan OLOHAS Park
79%
IslandHKU
78%
Disneyland ResortDisneyland Resort
78%
Tsuen WanJordan
77%
Island & Tseung Kwan ONorth Point
77%
IslandCauseway Bay
77%
East RailUniversity
76%
IslandFortress Hill
74%
West RailAustin
73%
Airport ExpressAsiaWorld-Expo
73%
Kwun TongDiamond Hill
72%
South IslandSouth Horizons
71%
East RailRacecourse
71%
Tung ChungOlympic
71%
Ma On ShanCity One
63%

Score Distribution

Percentile by Number Answered

Percent of People with Each Score

Your Score History

You have not taken this quiz since the last reset